000
00255nam a2200109Ia 4500
008
190914s9999||||xx |||||||||||||| ||und||
100
_a
Saleha Abid Hussain
245
0
_a
Yadgar-i-Hali
260
_a
Mirpur
_b
Arsalan Books
_c
2005
300
_a
912
942
_c
BK
999
_c
9994
_d
9994